LEADER 00769nam a2200193 i 4500 001 000000234330 003 CaOOAMICUS 005 20141013000000.0 008 141013s1825 it u000 u ita u 013 $a213233 026 $aonro hel- a-ra gltu (7) 1825 (A) 040 $aSeMil$bita 245 10$aVol. 28. 300 $a393, [3] p., [1] carta di tav. 773 0 $aOrsi, Giuseppe Agostino $tStoria ecclesiastica del cardinale Giuseppe Agostino Orsi accademico della Crusca.$dVenezia : Presso Giuseppe Battaggia : co' tipi di G. Picotti, 1822-1826.$g28$w()29661 850 $aSeMil 852 $aSeMil$W1$xVenegono$y1$m3A I 113 FA$j184676$B184676$CSeMilBibl$Z2$F195675 $8I 961 $aRecupero: Altro 996 $6245$aVol. 28$9(OLS)http://semarc/title/306900 LEADER 01147nam a2200265 i 4500 001 000000037517 003 CaOOAMICUS 005 20080326000000.0 008 080326s1966 xx u000 u fre u 013 $a7802 040 $aSeMil$bita 100 1 $aLagarde, André.$0(OLS)http://semarc/name/17888 245 10$a17. siècle :$bles grands auteurs français du programme /$cAndré Lagarde, Laurent Michard. 260 $aParis :$bBordas,$ccopyr. 1966. 300 $a416 p., [48] planches ;$c22 cm. 490 0 $aCollection textes et littérature ;$v3. 500 $aIn appendice : La lanue du 17. siècle. 650 4$aLetteratura francese - Storia - Sec. 17.$0(OLS)http://semarc/subject/7451 700 1 $aMichard, Laurent.$0(OLS)http://semarc/name/17889 830 0$aTextes et littérature ;$v3.$0(OLS)http://semarc/title/25434 850 $aSeMil 852 $aSeMil$W1$xVenegono$y1$m1V I 92$j3672$B3672$CSeMilBibl$Z2$F3672 $81 961 $aOmaggio: Deposito 996 $6245$a17. siècle :$bles grands auteurs français du programme$9(OLS)http://semarc/title/52558 996 $6260$aParis :$bBordas$9(OLS)http://semarc/publisher/32303